Manual del catequista católico
Guardado en:
| Autor principal: | |
|---|---|
| Formato: | Libro |
| Lenguaje: | español |
| Publicado: |
Madrid
Razón y Fe
1910
|
| Materias: | |
| Etiquetas: |
Agregar Etiqueta
Sin Etiquetas, Sea el primero en etiquetar este registro!
|
MARC
| LEADER | 00000nam a2200000 a 4500 | ||
|---|---|---|---|
| 001 | UCR2143 | ||
| 003 | CL-VaPUC | ||
| 008 | 980109e19100000SP |||||||||||||||||spa|d | ||
| 082 | 0 | 4 | |a 238.1 |b PER |2 21 |
| 100 | 0 | |a Perardi, D. G |e author |9 399869 | |
| 245 | 1 | 0 | |a Manual del catequista católico |
| 300 | |a 775 p | ||
| 942 | |c BK | ||
| 945 | |d 19980109 00:00:00 |a jquezada | ||
| 260 | |a Madrid |b Razón y Fe |c 1910 | ||
| 600 | 0 | |a Dios |9 314467 | |
| 600 | 0 | |a Jesús |9 313614 | |
| 650 | 7 | |a CREDOS |2 CL-VaPUC |9 399845 | |
| 650 | 0 | |a Catecismo |9 333878 | |
| 650 | 0 | |a Antiguo testamento |9 313678 | |
| 650 | 7 | |a EVANGELIO |2 CL-VaPUC |9 368586 | |
| 650 | 0 | |a Parábolas |9 313604 | |
| 650 | 0 | |a Enseñanza |9 256457 | |
| 650 | 0 | |a Fe |9 308036 | |
| 650 | 0 | |a Oración |9 313348 | |
| 650 | 0 | |a Sacramentos |9 257270 | |
| 650 | 0 | |a Virtudes |9 309526 | |
| 650 | 7 | |a DOCTRINA RELIGIOSA |2 CL-VaPUC |9 333854 | |
| 583 | |a last modification |c 19980109 00:00:00 |k Rodrigo Vera | ||
| 999 | |c 265408 |d 265406 | ||
| 952 | |0 0 |1 0 |4 0 |6 238_100000000000000_PER_1910 |7 0 |8 P |9 296317 |a BIBTEO |b BIBTES |c TEO_FTES |d 2019-11-20 |i 3385124 |o 238.1 PER 1910 |p 3385124 |r 2024-01-18 |w 2019-11-20 |y BK |k ICR | ||